| 000 | 00721nam a2200253Ia 4500 | ||
|---|---|---|---|
| 003 | OSt | ||
| 005 | 20221006160939.0 | ||
| 006 | a|||||r|||| 00| 0 | ||
| 007 | ta | ||
| 008 | 221006b |||||||| |||| 00| 0 eng d | ||
| 020 | _a9781138218604 | ||
| 024 | _a46,915 | ||
| 037 | _cTextual | ||
| 040 |
_aEASL _cEASL _beng |
||
| 041 |
_2eng _aeng |
||
| 082 | _aV41:1958.N7, Q8 | ||
| 100 |
_aLI Yan _9675525 |
||
| 245 | 0 |
_aChina's soviet dream _b Propaganda, culture, and poular imagination. |
|
| 260 |
_aLondon _bRoutledge Taylor &Francis Group _c2018 |
||
| 300 |
_a204p. _ccm. |
||
| 490 | _aRoutledge Contemporary China. | ||
| 942 |
_hV41:1958.N7, Q8 _cTEXL _2CC |
||
| 999 |
_c1115004 _d1115004 |
||